<?xml version="1.0" encoding="UTF-8"?>
<record
    xmlns:xsi="http://www.w3.org/2001/XMLSchema-instance"
    xsi:schemaLocation="http://www.loc.gov/MARC21/slim http://www.loc.gov/standards/marcxml/schema/MARC21slim.xsd"
    xmlns="http://www.loc.gov/MARC21/slim">

  <leader>01334nam a2200205 a 4500</leader>
  <controlfield tag="008">190917t2004    ag  |||g |||| 001 0 spa d</controlfield>
  <datafield tag="020" ind1=" " ind2=" ">
    <subfield code="a">987110653x</subfield>
  </datafield>
  <datafield tag="041" ind1=" " ind2=" ">
    <subfield code="a">spa</subfield>
  </datafield>
  <datafield tag="092" ind1=" " ind2=" ">
    <subfield code="c">808</subfield>
    <subfield code="l">66</subfield>
    <subfield code="s">PER</subfield>
  </datafield>
  <datafield tag="100" ind1="1" ind2=" ">
    <subfield code="a">P&#xE9;rez-Reverte, Arturo</subfield>
    <subfield code="9">3485</subfield>
  </datafield>
  <datafield tag="245" ind1=" " ind2=" ">
    <subfield code="a">Patente de corso 1993-1998 /</subfield>
    <subfield code="c">Arturo P&#xE9;rez-Reverte</subfield>
  </datafield>
  <datafield tag="250" ind1=" " ind2=" ">
    <subfield code="a">1a ed.</subfield>
  </datafield>
  <datafield tag="260" ind1=" " ind2=" ">
    <subfield code="a">Buenos Aires:</subfield>
    <subfield code="b">Suma de letras;</subfield>
    <subfield code="c">2004.</subfield>
  </datafield>
  <datafield tag="300" ind1=" " ind2=" ">
    <subfield code="a">655 p.</subfield>
  </datafield>
  <datafield tag="500" ind1=" " ind2=" ">
    <subfield code="a">P&#xE9;rez-Reverte, A. (2004). Patente de corso 1993-1998. (1a ed.). Buenos Aires : Suma de letras.</subfield>
  </datafield>
  <datafield tag="505" ind1=" " ind2=" ">
    <subfield code="a">Patente de corso recoge una amplia selecci&#xF3;n de art&#xED;culos period&#xED;sticos escritos durante muchos a&#xF1;os por Arturo P&#xE9;rez Reverte para el suplemento dominical El Semanal y le&#xED;do por millones de espa&#xF1;oles. De estas pol&#xE9;micas, originales y personal&#xED;simas p&#xE1;ginas de opini&#xF3;n ha dicho el propio autor: "Escribo con tanta libertad que me sorprende que me dejen". Con estos textos se puede disentir, acordar, asumir o no sus postulados; pero es imposible no dejarse fascinar por su honestidad salvaje, su compromiso personal y su coherencia. Porque son la mirada de un eximio reportero y el espejo de la literatura, aplicados a quemarropa sobre la sociedad contempor&#xE1;nea. </subfield>
  </datafield>
  <datafield tag="590" ind1=" " ind2=" ">
    <subfield code="a"> Proyecto 4to libro, donacion Maria Vitarelli Diciembre 2017.</subfield>
  </datafield>
  <datafield tag="655" ind1=" " ind2=" ">
    <subfield code="a">Literatura</subfield>
    <subfield code="9">2917</subfield>
  </datafield>
  <datafield tag="942" ind1=" " ind2=" ">
    <subfield code="2">ddc</subfield>
    <subfield code="c">LIT</subfield>
  </datafield>
  <datafield tag="999" ind1=" " ind2=" ">
    <subfield code="c">2622</subfield>
    <subfield code="d">2622</subfield>
  </datafield>
  <datafield tag="952" ind1=" " ind2=" ">
    <subfield code="0">0</subfield>
    <subfield code="1">0</subfield>
    <subfield code="2">ddc</subfield>
    <subfield code="4">0</subfield>
    <subfield code="7">0</subfield>
    <subfield code="a">BFM</subfield>
    <subfield code="b">BFM</subfield>
    <subfield code="c">CR</subfield>
    <subfield code="d">2017-12-27</subfield>
    <subfield code="e">Donaci&#xF3;n Maria Vitarelli, Diciembre 2017</subfield>
    <subfield code="l">0</subfield>
    <subfield code="o">808 66 PER</subfield>
    <subfield code="p">4144</subfield>
    <subfield code="r">2017-12-27</subfield>
    <subfield code="t">Ej. 1</subfield>
    <subfield code="w">2017-12-27</subfield>
    <subfield code="y">LIT</subfield>
    <subfield code="z">Proyecto 4to libro. Donaci&#xF3;n Maria Vitarelli, Diciembre 2017</subfield>
  </datafield>
</record>
